[Event "CRO-chT2 Qual 1B Liga"]
[Site "Trogir"]
[Date "2021.11.20"]
[Round "2.1"]
[White "Cupic, Lovro"]
[Black "Zoric, Tomislav"]
[Result "1/2-1/2"]
[WhiteElo "2282"]
[BlackElo "1855"]
[PlyCount "114"]
[EventDate "2021.11.19"]
[EventType "team-tourn"]
[EventRounds "3"]
[EventCountry "CRO"]
[SourceTitle "EXT 2023"]
[Source "ChessBase"]
[SourceDate "2022.10.05"]
[SourceVersion "1"]
[SourceVersionDate "2022.10.05"]
[SourceQuality "1"]
[WhiteTeam "Sveta Nedelja"]
[BlackTeam "Sibenik"]
[WhiteTeamCountry "CRO"]
[BlackTeamCountry "CRO"]

1. e4 c5 2. Nf3 Nc6 3. d4 cxd4 4. Nxd4 g6 5. Be3 Bg7 6. Nc3 Nf6 7. Nxc6 bxc6 8. e5 Nd5 9. Nxd5 cxd5 10. Qxd5 Rb8 11. Bc4 0-0 12. 0-0 Qc7 13. Qc5 Qxe5 14. Qxe5 Bxe5 15. Bxa7 Rxb2 16. Bb3 Rxb3 17. cxb3 Bxa1 18. Rxa1 Ba6 19. Rc1 Rc8 20. Rxc8+ Bxc8 21. f4 Bb7 22. Kf2 f6 23. g3 Kf7 24. Bb8 Ke6 25. Bc7 d6 26. Ke3 Kd7 27. Ba5 e5 28. Kd3 Ke6 29. Kc4 Ba6+ 30. Kb4 g5 31. fxg5 fxg5 32. Bd8 g4 33. Ka5 Be2 34. b4 Kd7 35. Bg5 Kc6 36. a4 d5 37. b5+ Kb7 38. Bf6 e4 39. Kb4 Bd3 40. Bd4 Bc2 41. a5 Bd3 42. Kc5 Bc4 43. a6+ Kb8 44. Kc6 Ka8 45. Be3 Bd3 46. a7 Bc4 47. b6 Ba6 48. Kxd5 Bb7+ 49. Ke5 Ba6 50. Kf5 Bc8+ 51. Kxe4 Bd7 52. Kf4 Kb7 53. a8Q+ Kxa8 54. Kg5 Kb7 55. Kh6 Bf5 56. Bg1 Bd3 57. Kg5 Be2 1/2-1/2